Metalografická analýza zvarových spojov plechov
Saved in:
| Main Author: | |
|---|---|
| Other Authors: | |
| Format: | Manuscript Book |
| Language: | Slovak |
| Published: |
2020
|
| Subjects: | |
| Online Access: | http://is.stuba.sk/zp/portal_zp.pl?podrobnosti=160255 |
| Tags: |
No Tags, Be the first to tag this record!
|
MARC
| LEADER | 00000ntm a22000003a 4500 | ||
|---|---|---|---|
| 001 | stuzp78538 | ||
| 003 | SK-STU | ||
| 005 | 20200718210952.2 | ||
| 007 | ta | ||
| 008 | 150427s2015----xo-----f-mn---000-0-slo-d | ||
| 040 | |a STU |b slo | ||
| 041 | 0 | |a slo | |
| 100 | 1 | |a Hlaď, Andrej |u 061000 |4 aut |U MTF Materiálovotechnologická fakulta |T MTF Ústav materiálov |X 91433 |U M1000 |Y 81 |7 91433 | |
| 242 | 0 | 1 | |a Metallographic analysis of laser welded plates |y eng |
| 245 | 1 | 0 | |a Metalografická analýza zvarových spojov plechov |
| 260 | |c 2020 | ||
| 650 | 4 | |a plech |2 slo | |
| 650 | 4 | |a mikroštruktúra |2 slo | |
| 650 | 4 | |a metalografická analýza |2 slo | |
| 650 | 4 | |a zváranie laserom |2 slo | |
| 650 | 4 | |a plates |2 eng | |
| 650 | 4 | |a microstructure |2 eng | |
| 650 | 4 | |a metallographic analysis |2 eng | |
| 650 | 4 | |a laser welding |2 eng | |
| 700 | 1 | |a Hazlinger, Marián |u 061000 |k Z1 |4 ths |U MTF Materiálovotechnologická fakulta |T MTF Ústav materiálov |X 289 |U M1000 |Y 81 |7 A000000289 | |
| 856 | 4 | |u http://is.stuba.sk/zp/portal_zp.pl?podrobnosti=160255 | |
| 996 | |c M* BP-8831 |l MMSKP |s P |a 0 |w stuzp78538_0001 | ||